Riconosci il Pokémon - Quiz n°60 - Statistics

Statistiche generali
  • Questo quiz è stato fatto 4 volte
  • Il punteggio medio è 10 su 10
Statistiche sulle risposte
Indizio Risposta % Corretto
Altezza 1,1 m
100%
Tasso di cattura 255 (43.9%)
100%
Peso 27,0 kg
100%
Sesso 50% ♂, 50% ♀
100%
Tasso di allevamento Medio-Veloce
100%
Tipo Normale
100%
Stadio evoluzione Prima evoluzione
100%
Generazione Quinta
100%
Abilità Risplendi; Sguardofermo; Ponderazione
100%
Pokémon Watchog
100%
Nessun quiz corrispondente trovato
Distribuzione punteggi
Percentuale di utenti per punteggio
Percentile per numero di risposta
I tuoi punteggi nel tempo
Non hai fatto questo quiz